| 000 | 00815nam a2200253 a 4500 | ||
|---|---|---|---|
| 001 | 64744 | ||
| 003 | BD-RjUL | ||
| 005 | 20211209081338.0 | ||
| 008 | 170220s1969 nyuabc b 001 0 eng d | ||
| 035 | _a(BD-RjUL) 64874 | ||
| 040 |
_aBD-RjUL _cBD-RjUL _dBD-RjUL _beng |
||
| 041 | _aeng | ||
| 082 | 0 | 0 |
_a940.27 _223 _bHAF 1969 |
| 100 | 1 |
_aHampson, Norman. _9191943 |
|
| 245 | 1 | 4 |
_aThe first European revolution, 1776-1815 / _cNorman Hampson |
| 260 |
_a[New York : _bThames and Hudson, _c[1969] |
||
| 300 |
_a215 p. : _bill. ; _c21 cm. |
||
| 504 | _aIncludes Index& Bibliographies. | ||
| 650 |
_aEurope _xHistory _y1789-1815. _9191944 |
||
| 651 | 0 |
_aEurope _xHistory _y1789-1815. _9191944 |
|
| 651 | 0 |
_aFrance _xHistory _yRevolution, 1789-1799. _9176980 |
|
| 651 | 0 |
_aEurope _xIntellectual life. _9191945 |
|
| 942 |
_2ddc _cBK |
||
| 999 |
_c64744 _d64744 |
||